<?xml version="1.0" encoding="UTF-8"?>
<record
    xmlns:xsi="http://www.w3.org/2001/XMLSchema-instance"
    xsi:schemaLocation="http://www.loc.gov/MARC21/slim http://www.loc.gov/standards/marcxml/schema/MARC21slim.xsd"
    xmlns="http://www.loc.gov/MARC21/slim">

  <leader>01224nam a22002771  4500</leader>
  <datafield tag="999" ind1=" " ind2=" ">
    <subfield code="c">5836</subfield>
    <subfield code="d">5836</subfield>
  </datafield>
  <controlfield tag="001">5142625</controlfield>
  <controlfield tag="003">OSt</controlfield>
  <controlfield tag="005">20190329123013.0</controlfield>
  <controlfield tag="008">00026401976    ilua     b    000 0 eng d</controlfield>
  <datafield tag="020" ind1=" " ind2=" ">
    <subfield code="a">0802410200</subfield>
  </datafield>
  <datafield tag="020" ind1=" " ind2=" ">
    <subfield code="a">0802410200</subfield>
  </datafield>
  <datafield tag="040" ind1=" " ind2=" ">
    <subfield code="a">EZC</subfield>
    <subfield code="c">EZC</subfield>
    <subfield code="d">m.c.</subfield>
    <subfield code="d">ATH</subfield>
  </datafield>
  <datafield tag="082" ind1=" " ind2=" ">
    <subfield code="a">REF 221</subfield>
    <subfield code="b">J54S</subfield>
  </datafield>
  <datafield tag="090" ind1=" " ind2=" ">
    <subfield code="a">BS1465.5</subfield>
    <subfield code="b">.J56 1976</subfield>
  </datafield>
  <datafield tag="100" ind1="1" ind2=" ">
    <subfield code="a">Jensen, Irving Lester.</subfield>
  </datafield>
  <datafield tag="245" ind1="1" ind2="0">
    <subfield code="a">A Self-Study Guide /</subfield>
    <subfield code="c">Irving L. Jensen.</subfield>
    <subfield code="b">Genesis-Exodus-Leviticus-Numbers and Deuteronomy-Joshua-1 Kings with Chronicles-2 Kings with Chronicles- Judges Ruth-1&amp;2 Samuel-Ezra Nehemiah Esther-Job-Psalms-Proverbs-Ecclesiastes Song Of Solomon-Isaiah Jeremiah-Ezekiel Daniel-Minor Prophets /</subfield>
  </datafield>
  <datafield tag="260" ind1=" " ind2=" ">
    <subfield code="a">[Chicago :</subfield>
    <subfield code="b">Moody Press,</subfield>
    <subfield code="c">1976].</subfield>
  </datafield>
  <datafield tag="300" ind1=" " ind2=" ">
    <subfield code="a">88 p. :</subfield>
    <subfield code="b">ill. ;</subfield>
    <subfield code="c">23 cm.</subfield>
  </datafield>
  <datafield tag="490" ind1="0" ind2=" ">
    <subfield code="a">Bible self-study guide series</subfield>
  </datafield>
  <datafield tag="500" ind1=" " ind2=" ">
    <subfield code="a">Cover title.</subfield>
  </datafield>
  <datafield tag="504" ind1=" " ind2=" ">
    <subfield code="a">Bibliography: p. 88.</subfield>
  </datafield>
  <datafield tag="505" ind1=" " ind2=" ">
    <subfield code="a">Genesis-Exodus-Leviticus-Numbers and Deuteronomy-Joshua-1 Kings with Chronicles-2 Kings with Chronicles- Judges Ruth-1&amp;2 Samuel-Ezra Nehemiah Esther-Job-Psalms-Proverbs-Ecclesiastes Song Of Solomon-Isaiah Jeremiah-Ezekiel Daniel-Minor Prophets.</subfield>
  </datafield>
  <datafield tag="630" ind1="0" ind2="0">
    <subfield code="a">Bible.</subfield>
  </datafield>
  <datafield tag="650" ind1=" " ind2=" ">
    <subfield code="a">Old Testament</subfield>
    <subfield code="x">New Testament</subfield>
  </datafield>
  <datafield tag="942" ind1=" " ind2=" ">
    <subfield code="2">ddc</subfield>
    <subfield code="c">REF</subfield>
  </datafield>
  <datafield tag="952" ind1=" " ind2=" ">
    <subfield code="0">0</subfield>
    <subfield code="1">0</subfield>
    <subfield code="2">ddc</subfield>
    <subfield code="4">0</subfield>
    <subfield code="7">1</subfield>
    <subfield code="8">REF</subfield>
    <subfield code="a">HMC</subfield>
    <subfield code="b">HMC</subfield>
    <subfield code="c">REF</subfield>
    <subfield code="d">2019-03-29</subfield>
    <subfield code="g">8500.00</subfield>
    <subfield code="l">0</subfield>
    <subfield code="o">REF 221 J54S</subfield>
    <subfield code="p">006553</subfield>
    <subfield code="r">2019-03-29 00:00:00</subfield>
    <subfield code="w">2019-03-29</subfield>
    <subfield code="y">REF</subfield>
  </datafield>
  <datafield tag="952" ind1=" " ind2=" ">
    <subfield code="0">0</subfield>
    <subfield code="1">0</subfield>
    <subfield code="2">ddc</subfield>
    <subfield code="4">0</subfield>
    <subfield code="7">1</subfield>
    <subfield code="8">REF</subfield>
    <subfield code="a">HMC</subfield>
    <subfield code="b">HMC</subfield>
    <subfield code="c">REF</subfield>
    <subfield code="d">2019-03-29</subfield>
    <subfield code="g">8500.00</subfield>
    <subfield code="l">0</subfield>
    <subfield code="o">REF 221 J54S</subfield>
    <subfield code="p">006554</subfield>
    <subfield code="r">2019-03-29 00:00:00</subfield>
    <subfield code="w">2019-03-29</subfield>
    <subfield code="y">REF</subfield>
  </datafield>
  <datafield tag="952" ind1=" " ind2=" ">
    <subfield code="0">0</subfield>
    <subfield code="1">0</subfield>
    <subfield code="2">ddc</subfield>
    <subfield code="4">0</subfield>
    <subfield code="7">1</subfield>
    <subfield code="8">REF</subfield>
    <subfield code="a">HMC</subfield>
    <subfield code="b">HMC</subfield>
    <subfield code="c">REF</subfield>
    <subfield code="d">2019-03-29</subfield>
    <subfield code="g">8500.00</subfield>
    <subfield code="l">0</subfield>
    <subfield code="o">REF 221 J54S</subfield>
    <subfield code="p">006555</subfield>
    <subfield code="r">2019-03-29 00:00:00</subfield>
    <subfield code="w">2019-03-29</subfield>
    <subfield code="y">REF</subfield>
  </datafield>
  <datafield tag="952" ind1=" " ind2=" ">
    <subfield code="0">0</subfield>
    <subfield code="1">0</subfield>
    <subfield code="2">ddc</subfield>
    <subfield code="4">0</subfield>
    <subfield code="7">1</subfield>
    <subfield code="8">REF</subfield>
    <subfield code="a">HMC</subfield>
    <subfield code="b">HMC</subfield>
    <subfield code="c">REF</subfield>
    <subfield code="d">2019-03-29</subfield>
    <subfield code="g">8500.00</subfield>
    <subfield code="l">0</subfield>
    <subfield code="o">REF 221 J54S</subfield>
    <subfield code="p">006556</subfield>
    <subfield code="r">2019-03-29 00:00:00</subfield>
    <subfield code="w">2019-03-29</subfield>
    <subfield code="y">REF</subfield>
  </datafield>
  <datafield tag="952" ind1=" " ind2=" ">
    <subfield code="0">0</subfield>
    <subfield code="1">0</subfield>
    <subfield code="2">ddc</subfield>
    <subfield code="4">0</subfield>
    <subfield code="7">1</subfield>
    <subfield code="8">REF</subfield>
    <subfield code="a">HMC</subfield>
    <subfield code="b">HMC</subfield>
    <subfield code="c">REF</subfield>
    <subfield code="d">2019-03-29</subfield>
    <subfield code="g">8500.00</subfield>
    <subfield code="l">0</subfield>
    <subfield code="o">REF 221 J54S</subfield>
    <subfield code="p">006557</subfield>
    <subfield code="r">2019-03-29 00:00:00</subfield>
    <subfield code="w">2019-03-29</subfield>
    <subfield code="y">REF</subfield>
  </datafield>
  <datafield tag="952" ind1=" " ind2=" ">
    <subfield code="0">0</subfield>
    <subfield code="1">0</subfield>
    <subfield code="2">ddc</subfield>
    <subfield code="4">0</subfield>
    <subfield code="7">1</subfield>
    <subfield code="8">REF</subfield>
    <subfield code="a">HMC</subfield>
    <subfield code="b">HMC</subfield>
    <subfield code="c">REF</subfield>
    <subfield code="d">2019-03-29</subfield>
    <subfield code="g">8500.00</subfield>
    <subfield code="l">0</subfield>
    <subfield code="o">REF 221 J54S</subfield>
    <subfield code="p">006558</subfield>
    <subfield code="r">2019-03-29 00:00:00</subfield>
    <subfield code="w">2019-03-29</subfield>
    <subfield code="y">REF</subfield>
  </datafield>
  <datafield tag="952" ind1=" " ind2=" ">
    <subfield code="0">0</subfield>
    <subfield code="1">0</subfield>
    <subfield code="2">ddc</subfield>
    <subfield code="4">0</subfield>
    <subfield code="7">1</subfield>
    <subfield code="8">REF</subfield>
    <subfield code="a">HMC</subfield>
    <subfield code="b">HMC</subfield>
    <subfield code="c">REF</subfield>
    <subfield code="d">2019-03-29</subfield>
    <subfield code="g">8500.00</subfield>
    <subfield code="l">0</subfield>
    <subfield code="o">REF 221 J54S</subfield>
    <subfield code="p">006559</subfield>
    <subfield code="r">2019-03-29 00:00:00</subfield>
    <subfield code="w">2019-03-29</subfield>
    <subfield code="y">REF</subfield>
  </datafield>
  <datafield tag="952" ind1=" " ind2=" ">
    <subfield code="0">0</subfield>
    <subfield code="1">0</subfield>
    <subfield code="2">ddc</subfield>
    <subfield code="4">0</subfield>
    <subfield code="7">1</subfield>
    <subfield code="8">REF</subfield>
    <subfield code="a">HMC</subfield>
    <subfield code="b">HMC</subfield>
    <subfield code="c">REF</subfield>
    <subfield code="d">2019-03-29</subfield>
    <subfield code="g">8500.00</subfield>
    <subfield code="l">0</subfield>
    <subfield code="o">REF 221 J54S</subfield>
    <subfield code="p">006560</subfield>
    <subfield code="r">2019-03-29 00:00:00</subfield>
    <subfield code="w">2019-03-29</subfield>
    <subfield code="y">REF</subfield>
  </datafield>
  <datafield tag="952" ind1=" " ind2=" ">
    <subfield code="0">0</subfield>
    <subfield code="1">0</subfield>
    <subfield code="2">ddc</subfield>
    <subfield code="4">0</subfield>
    <subfield code="7">1</subfield>
    <subfield code="8">REF</subfield>
    <subfield code="a">HMC</subfield>
    <subfield code="b">HMC</subfield>
    <subfield code="c">REF</subfield>
    <subfield code="d">2019-03-29</subfield>
    <subfield code="g">8500.00</subfield>
    <subfield code="l">0</subfield>
    <subfield code="o">REF 221 J54S</subfield>
    <subfield code="p">006561</subfield>
    <subfield code="r">2019-03-29 00:00:00</subfield>
    <subfield code="w">2019-03-29</subfield>
    <subfield code="y">REF</subfield>
  </datafield>
  <datafield tag="952" ind1=" " ind2=" ">
    <subfield code="0">0</subfield>
    <subfield code="1">0</subfield>
    <subfield code="2">ddc</subfield>
    <subfield code="4">0</subfield>
    <subfield code="7">1</subfield>
    <subfield code="8">REF</subfield>
    <subfield code="a">HMC</subfield>
    <subfield code="b">HMC</subfield>
    <subfield code="c">REF</subfield>
    <subfield code="d">2019-03-29</subfield>
    <subfield code="g">8500.00</subfield>
    <subfield code="l">0</subfield>
    <subfield code="o">REF 221 J54S</subfield>
    <subfield code="p">006562</subfield>
    <subfield code="r">2019-03-29 00:00:00</subfield>
    <subfield code="w">2019-03-29</subfield>
    <subfield code="y">REF</subfield>
  </datafield>
  <datafield tag="952" ind1=" " ind2=" ">
    <subfield code="0">0</subfield>
    <subfield code="1">0</subfield>
    <subfield code="2">ddc</subfield>
    <subfield code="4">0</subfield>
    <subfield code="7">1</subfield>
    <subfield code="8">REF</subfield>
    <subfield code="a">HMC</subfield>
    <subfield code="b">HMC</subfield>
    <subfield code="c">REF</subfield>
    <subfield code="d">2019-03-29</subfield>
    <subfield code="g">8500.00</subfield>
    <subfield code="l">0</subfield>
    <subfield code="o">REF 221 J54S</subfield>
    <subfield code="p">006563</subfield>
    <subfield code="r">2019-03-29 00:00:00</subfield>
    <subfield code="w">2019-03-29</subfield>
    <subfield code="y">REF</subfield>
  </datafield>
  <datafield tag="952" ind1=" " ind2=" ">
    <subfield code="0">0</subfield>
    <subfield code="1">0</subfield>
    <subfield code="2">ddc</subfield>
    <subfield code="4">0</subfield>
    <subfield code="7">1</subfield>
    <subfield code="8">REF</subfield>
    <subfield code="a">HMC</subfield>
    <subfield code="b">HMC</subfield>
    <subfield code="c">REF</subfield>
    <subfield code="d">2019-03-29</subfield>
    <subfield code="g">8500.00</subfield>
    <subfield code="l">0</subfield>
    <subfield code="o">REF 221 J54S</subfield>
    <subfield code="p">006564</subfield>
    <subfield code="r">2019-03-29 00:00:00</subfield>
    <subfield code="w">2019-03-29</subfield>
    <subfield code="y">REF</subfield>
  </datafield>
  <datafield tag="952" ind1=" " ind2=" ">
    <subfield code="0">0</subfield>
    <subfield code="1">0</subfield>
    <subfield code="2">ddc</subfield>
    <subfield code="4">0</subfield>
    <subfield code="7">1</subfield>
    <subfield code="8">REF</subfield>
    <subfield code="a">HMC</subfield>
    <subfield code="b">HMC</subfield>
    <subfield code="c">REF</subfield>
    <subfield code="d">2019-03-29</subfield>
    <subfield code="g">8500.00</subfield>
    <subfield code="l">0</subfield>
    <subfield code="o">REF 221 J54S</subfield>
    <subfield code="p">006565</subfield>
    <subfield code="r">2019-03-29 00:00:00</subfield>
    <subfield code="w">2019-03-29</subfield>
    <subfield code="y">REF</subfield>
  </datafield>
  <datafield tag="952" ind1=" " ind2=" ">
    <subfield code="0">0</subfield>
    <subfield code="1">0</subfield>
    <subfield code="2">ddc</subfield>
    <subfield code="4">0</subfield>
    <subfield code="7">1</subfield>
    <subfield code="8">REF</subfield>
    <subfield code="a">HMC</subfield>
    <subfield code="b">HMC</subfield>
    <subfield code="c">REF</subfield>
    <subfield code="d">2019-03-29</subfield>
    <subfield code="g">8500.00</subfield>
    <subfield code="l">0</subfield>
    <subfield code="o">REF 221 J54S</subfield>
    <subfield code="p">006566</subfield>
    <subfield code="r">2019-03-29 00:00:00</subfield>
    <subfield code="w">2019-03-29</subfield>
    <subfield code="y">REF</subfield>
  </datafield>
  <datafield tag="952" ind1=" " ind2=" ">
    <subfield code="0">0</subfield>
    <subfield code="1">0</subfield>
    <subfield code="2">ddc</subfield>
    <subfield code="4">0</subfield>
    <subfield code="7">1</subfield>
    <subfield code="8">REF</subfield>
    <subfield code="a">HMC</subfield>
    <subfield code="b">HMC</subfield>
    <subfield code="c">REF</subfield>
    <subfield code="d">2019-03-29</subfield>
    <subfield code="g">8500.00</subfield>
    <subfield code="l">0</subfield>
    <subfield code="o">REF 221 J54S</subfield>
    <subfield code="p">006567</subfield>
    <subfield code="r">2019-03-29 00:00:00</subfield>
    <subfield code="w">2019-03-29</subfield>
    <subfield code="y">REF</subfield>
  </datafield>
  <datafield tag="952" ind1=" " ind2=" ">
    <subfield code="0">0</subfield>
    <subfield code="1">0</subfield>
    <subfield code="2">ddc</subfield>
    <subfield code="4">0</subfield>
    <subfield code="7">1</subfield>
    <subfield code="8">REF</subfield>
    <subfield code="a">HMC</subfield>
    <subfield code="b">HMC</subfield>
    <subfield code="c">REF</subfield>
    <subfield code="d">2019-03-29</subfield>
    <subfield code="g">8500.00</subfield>
    <subfield code="l">0</subfield>
    <subfield code="o">REF 221 J54S</subfield>
    <subfield code="p">006568</subfield>
    <subfield code="r">2019-03-29 00:00:00</subfield>
    <subfield code="w">2019-03-29</subfield>
    <subfield code="y">REF</subfield>
  </datafield>
  <datafield tag="952" ind1=" " ind2=" ">
    <subfield code="0">0</subfield>
    <subfield code="1">0</subfield>
    <subfield code="2">ddc</subfield>
    <subfield code="4">0</subfield>
    <subfield code="7">1</subfield>
    <subfield code="8">REF</subfield>
    <subfield code="a">HMC</subfield>
    <subfield code="b">HMC</subfield>
    <subfield code="c">REF</subfield>
    <subfield code="d">2019-03-29</subfield>
    <subfield code="g">8500.00</subfield>
    <subfield code="l">0</subfield>
    <subfield code="o">REF 221 J54S</subfield>
    <subfield code="p">006569</subfield>
    <subfield code="r">2019-03-29 00:00:00</subfield>
    <subfield code="w">2019-03-29</subfield>
    <subfield code="y">REF</subfield>
  </datafield>
</record>
